Essential Dewey (Record no. 105322)

MARC details
000 -LEADER
fixed length control field 00356cam a2200157 4500
001 - CONTROL NUMBER
control field L133077
008 - FIXED-LENGTH DATA ELEMENTS--GENERAL INFORMATION
fixed length control field 060407n2004 000 0 eng u
020 ## - INTERNATIONAL STANDARD BOOK NUMBER
International Standard Book Number 1856045196
035 ## - SYSTEM CONTROL NUMBER
System control number (Sirsi) u133077
050 04 - LIBRARY OF CONGRESS CALL NUMBER
Classification number 025.431 $2 18
100 ## - MAIN ENTRY--PERSONAL NAME
Personal name Bowman, J
245 ## - TITLE STATEMENT
Title Essential Dewey
260 ## - PUBLICATION, DISTRIBUTION, ETC.
Place of publication, distribution, etc. Facet Publishing
Date of publication, distribution, etc. 2004
350 ## - PRICE (NR) (BK AM CF MU VM SE) [OBSOLETE]
Price 22.95
942 ## - ADDED ENTRY ELEMENTS (KOHA)
Suppress in OPAC 0
Holdings
Withdrawn status Lost status Source of classification or shelving scheme Damaged status Not for loan Home library Current library Shelving location Date acquired Total Checkouts Full call number Barcode Date last seen Copy number Price effective from Koha item type
    Dewey Decimal Classification     London London Books 12/12/2007   A025.431 BOW 30073225 06/08/2019 1 06/08/2019 Book